Statistics for Body Parts

Click here to take the quiz!

General Stats

  • This quiz has been taken 28 times
  • The average score is 10 of 26

Answer Stats

Answer% Correct
Arm
88%
Leg
83%
Head
79%
Eye
75%
Nose
75%
Foot
67%
Mouth
67%
Heart
63%
Hair
58%
Stomach
58%
Brain
54%
Brain
54%
Lungs
42%
Elbow
38%
Teeth
38%
Chest
29%
Bones
25%
Nails
17%
Pancreas
17%
Throat
13%
Large Intestine
4%
Small Intestine
4%
Abductors
0%
Ancle
0%
Gastrocnemius
0%
Tounge
0%

Score Distribution

Percentile by Number Answered

Percent of People with Each Score

Your Score History

You have not taken this quiz